00849nam a22001937a 4500003000900000008004100009020001800050040007100068082001500139100003000154245007200184260004800256300002900304505020700333650003400540650001300574650002700587700004100614AR-CdUCM190322b ||||| |||| 00| 0 spa d a958-04-2144-7 aMUNICIPALIDAD PROVINCIAL DEL CUSCOcBIBLIOTECA MUNICIPAL DEL CUSCO a658 /bD79 aDrucker, Peter Ferdinand, aGerencia para el futuro : b el decenio de los 90 y más allá /  aBogotá : bGrupo Editorial Norma,c 1993. axi, 353 paginas;c23 cm. aContenido : El futura ya esta aquí -- La pobreza de la teoría económica -- La economía transaccional -- Jornales bajos ya no son una ventaja competitiva -- La gran arma japonesa de postguerra... aAdministración de empresas. aGerencia aEstudio y enseñanza. aCardenas Nannetti, Jorge (Traductor)